000 00518nam a2200193Ia 4500
008 160319s9999 xx 000 0 und d
020 _a971271022X
050 _a925
050 _bC559t 2000
100 _aChua, Queena N. Lee
245 _a10 outstanding filipino scientists /
245 _cQueena N. Lee-Chua.
260 _aPasig City :
260 _bAnvil Pub. Inc
260 _c2000
300 _avii, 256 pages :
500 _aIncludes bibliographies.
650 _aScientists -- Filipino -- Biography.
999 _c292244
_d292244